|
|
|
|
| LEADER |
03887nam a2200529 4500 |
| 001 |
ocn793103520 |
| 003 |
OCoLC |
| 005 |
20170124070411.7 |
| 006 |
m o d |
| 007 |
cr cnu---unuuu |
| 008 |
120504s2011 gw o 000 0 ger d |
| 040 |
|
|
|a DG1
|b eng
|e pn
|c DG1
|d OCLCQ
|d OCLCF
|d OCLCA
|d E7B
|d N$T
|d OCLCQ
|d COO
|d YDXCP
|d DEBBG
|d OCLCQ
|d GrThAP
|
| 020 |
|
|
|a 9783433605615
|q electronic bk.
|
| 020 |
|
|
|a 3433605610
|q electronic bk.
|
| 020 |
|
|
|a 9783433600818
|q electronic bk.
|
| 020 |
|
|
|a 3433600813
|q electronic bk.
|
| 020 |
|
|
|a 9783433029657
|
| 020 |
|
|
|a 3433029652
|
| 029 |
1 |
|
|a AU@
|b 000049904203
|
| 029 |
1 |
|
|a NZ1
|b 15915047
|
| 029 |
1 |
|
|a GBVCP
|b 790037033
|
| 029 |
1 |
|
|a DEBBG
|b BV043394517
|
| 035 |
|
|
|a (OCoLC)793103520
|
| 050 |
|
4 |
|a TH6021
|b .B38 2011
|
| 072 |
|
7 |
|a HOM
|x 014000
|2 bisacsh
|
| 082 |
0 |
4 |
|a 696
|2 23
|
| 049 |
|
|
|a MAIN
|
| 245 |
0 |
0 |
|a Bauphysik Kalender 2011 /
|c herausgegeben von Nabil A. Fouad.
|
| 250 |
|
|
|a 11. Jahr.
|
| 264 |
|
1 |
|a Berlin :
|b Ernst & Sohn,
|c [2011]
|
| 264 |
|
4 |
|c ©2011
|
| 300 |
|
|
|a 1 online resource.
|
| 336 |
|
|
|a text
|b txt
|2 rdacontent
|
| 337 |
|
|
|a computer
|b c
|2 rdamedia
|
| 338 |
|
|
|a online resource
|b cr
|2 rdacarrier
|
| 490 |
0 |
|
|a Brandschutz,
|x 01617-2205
|
| 505 |
0 |
|
|a Allgemeines und Regelwerke. Brandschutz im Bauordnungsrecht / Gabriele Famers -- Europaische Harmonisierung im Brandschutz / Irene Herzog, Peter Proschek -- Bauaufsichtliche Regelungen zum Verwendbarkeitsnachweis / Hans-Jorg Irmschler -- Leistungsbild und Honorierung im Brandschutz / Udo Kirchner -- Materialtechnische Grundlagen. Kunststoffe und Brandschutz / Edith Antonatus -- Brandschutzbekleidungen und -beschichtungen / Peter Proschek -- Bauphysikalische Planungs- und Nachweisverfahren. Ingenieurmethoden im Brandschutz / Ulrich Schneider, Christian Lebeda -- Numerische Simulation im Brandschutz / Matthias Munch, Hendrik C Belaschk, Rupert Klein -- Perspektiven der Evakuierungsberechnung / Michael Schreckenberg -- Brandschutz im Industriebau / Ulrich Schneider, Marita Kersken-Bradley, Hubert Kirchberger -- Grundlagen nach Eurocode 1 / Bj̲rn Kampmeier -- Brandschutzbemessung von Betonbauteilen nach Eurocode 2 / Ekkehard Richter, Bjorn Kampmeier -- Brandschutztechnische Bemessung im Stahl- und Stahlverbundbau nach Eurocode 3 und 4 / Peter Schaumann, Florian Tabeling, Thomas Kirsch -- Brandschutzbemessung von Holzbauteilen nach Eurocode 5 / Bj̲rn Kampmeier -- Sicherheitskonzept zur Brandschutzbemessung : Erprobung und Validierung im Stahl- und Stahlverbundbau / Peter Schaumann, J̲rg Sothmann, Dietmar Hosser, Cornelius Albrecht, Hans-Werner Girkes -- Konstruktive Ausbildung von Bauteilen und Bauwerken. Brandschutz in Hochh̃usern : Kommentar zur Muster-Hochhaus-Richtlinie ₆ MHHR / Gerd Gr̲ger -- Brandschutz fur Schulen und Kindergarten : Bestand und Sanierung / Sylvia Heilmann -- Brandschutz im Krankenhaus / Herbert Tsch̲pe, Axel G̃fke -- Brandschutz bei holzernen Bauteilen nach den nationalen Regeln/Brandschutzkonzepte bei holzernen Bauwerken / Michael Dehne, Dirk Kruse, Bjorn Kampmeier -- Brandschutz im Bestand / Jurgen Wesche -- Materialtechnische Tabellen. Materialtechnische Tabellen fur den Brandschutz / Ulrich Schneider, Nina Schjerve -- Materialtechnische Tabellen / Rainer Hohmann -- Stichwortverzeichnis.
|
| 650 |
|
0 |
|a Buildings
|x Environmental engineering.
|
| 650 |
|
7 |
|a HOUSE & HOME
|x Do-It-Yourself
|x Plumbing.
|2 bisacsh
|
| 650 |
|
7 |
|a Buildings
|x Environmental engineering.
|2 fast
|0 (OCoLC)fst00841055
|
| 655 |
|
4 |
|a Electronic books.
|
| 655 |
|
0 |
|a Electronic books.
|
| 700 |
1 |
|
|a Fouad, Nabil A.,
|e editor.
|
| 710 |
2 |
|
|a Wiley InterScience (Online service)
|
| 776 |
0 |
8 |
|i Print version:
|t Bauphysik-kalender 2011.
|d Berlin, Germany : Ernst & Sohn, c2011
|k Brandschutz.
|x 01617-2205
|h 678 pages
|z 9783433029657
|
| 856 |
4 |
0 |
|u https://doi.org/10.1002/9783433600818
|z Full Text via HEAL-Link
|
| 994 |
|
|
|a 92
|b DG1
|